00834nam a2200241 i 450000500170000000800410001702000180005804000350007610000240011124501040013525000110023926400280025030000410027833600270031933700330034633800280037953400210040765000410042865000410046965000400051070000310055008400110058120220317000008.0141031s2011 ck gr 000 0 und d a9789580493979 aCO-BoRNBPbspacCO-BoRNBPerda10aKeiko, Kaszaeautor13aEl día de campo de don Chancho ctexto e ilustración Keiko Kasza; traducción de Mercedes Guhl a1a ed. 1aBogotá bNorma c2011 a32 páginas bilustraciones c24 cm atextobtxt2rdacontent asin mediaciónbn2rdamedia avolumenbnc2rdacarrier tThe pig's picnic17aLiteratura infantil japonesa2ARMARC17aCuentos infantiles japoneses2ARMARC17aLibros infantiles japoneses2ARMARC10aGuhl, Mercedesetraductora aC KEI1